Professional liability (Record no. 68082)
[ view plain ]
| 000 -LEADER | |
|---|---|
| fixed length control field | 01146cam a2200217 4500 |
| 001 - CONTROL NUMBER | |
| control field | ABS64434 |
| 008 - FIXED-LENGTH DATA ELEMENTS--GENERAL INFORMATION | |
| fixed length control field | 010828n2001 000 0 eng u |
| 035 ## - SYSTEM CONTROL NUMBER | |
| System control number | (Sirsi) u114335 |
| 100 ## - MAIN ENTRY--PERSONAL NAME | |
| Personal name | Brewer, G |
| 245 ## - TITLE STATEMENT | |
| Title | Professional liability |
| 260 ## - PUBLICATION, DISTRIBUTION, ETC. | |
| Date of publication, distribution, etc. | 2001 |
| 490 ## - SERIES STATEMENT | |
| Series statement | Contract Journal |
| Volume/sequential designation | 409(6339) 8 August 2001, 23(1) |
| 520 ## - SUMMARY, ETC. | |
| Summary, etc. | Considers the case of "Merrett v Babb" in which the issue raised question whether a professional employee was liable to be sued directly for advice given on behalf of the employer. The original case established that the defendant (B), the surveyor, did hold a duty of care to the plaintiff (M). B's appeal was also dismissed, leaving the implication that professional employees may be open to claims for negligent advice in situations where their firm has become insolvent or is otherwise underinsured. They may need to take steps to obtain personal insurance after their employment as ended. |
| 590 ## - LOCAL NOTE (RLIN) | |
| Local note | ABS |
| 650 ## - SUBJECT ADDED ENTRY--TOPICAL TERM | |
| Topical term or geographic name entry element | PROFESSIONAL LIABILITY |
| 650 ## - SUBJECT ADDED ENTRY--TOPICAL TERM | |
| Topical term or geographic name entry element | MERRETT V BABB |
| 650 ## - SUBJECT ADDED ENTRY--TOPICAL TERM | |
| Topical term or geographic name entry element | INSURANCE ISSUES |
| 650 ## - SUBJECT ADDED ENTRY--TOPICAL TERM | |
| Topical term or geographic name entry element | INSURANCE POLICIES |
| 690 ## - LOCAL SUBJECT ADDED ENTRY--TOPICAL TERM (OCLC, RLIN) | |
| Topical term or geographic name as entry element | PROFESSIONAL PRACTICE-NEGLIGENCE |
| 942 ## - ADDED ENTRY ELEMENTS (KOHA) | |
| Suppress in OPAC | 0 |
| Withdrawn status | Lost status | Source of classification or shelving scheme | Damaged status | Not for loan | Home library | Current library | Shelving location | Date acquired | Total Checkouts | Full call number | Barcode | Date last seen | Copy number | Price effective from | Koha item type |
|---|---|---|---|---|---|---|---|---|---|---|---|---|---|---|---|
| Dewey Decimal Classification | London | London | Journal article | 28/08/2001 | ABS64434 | 114335-1001 | 06/08/2019 | 1 | 06/08/2019 | Journal article |